Intermediate Algebra

Bibliographic Details
Main Authors: Sullivan III, Michael, Struve, Katherine R
Format: Section = Libro
Language:Undetermined
Spanish
Published: United States Pearson Prentice Hall 2007
Subjects:
LEADER 00577nam a2200229Ia 4500
008 240829s9999 xx 000 0 und d
020 |a 0-13-146775-1 
040 |a BIBLIOTECA-RUSB/ 512.9 S951 
041 |a spa 
082 |a 512.9 S951 
100 1 |a Sullivan III, Michael 
100 1 |b  Struve, Katherine R 
245 1 0 |a Intermediate Algebra 
260 |a United States  |b Pearson Prentice Hall  |c 2007 
300 |a 932 p. :il. 
650 7 |a ALGEBRA 
650 7 |b  ECUACIONES 
650 7 |c  DESIGUALDADES 
650 7 |d  POLINOMIOS 
942 |c BK  |2 ddc 
991 |a TEXTO 
999 |c 1520